Reformas constitucionales 2005: antecedentes, debates, informes
Збережено в:
| Автор: | |
|---|---|
| Формат: | Книга |
| Мова: | Іспанська |
| Опубліковано: |
Santiago
Jurídica de Chile
2005
|
| Редагування: | 1a. ed |
| Предмети: | |
| Теги: |
Додати тег
Немає тегів, Будьте першим, хто поставить тег для цього запису!
|
MARC
| LEADER | 00000nam a2200000 a 4500 | ||
|---|---|---|---|
| 001 | UCK8792 | ||
| 003 | CL-VaPUC | ||
| 008 | 060331e20050000CL |||||||||||||||||spa|d | ||
| 020 | |a 9561016605 | ||
| 082 | 0 | 4 | |a 342.83 |b PFE |2 21 |
| 100 | |a Pfeffer Urquiaga, Emilio |e autor |9 554023 | ||
| 245 | 1 | 0 | |a Reformas constitucionales 2005: antecedentes, debates, informes |
| 250 | |a 1a. ed | ||
| 300 | |a 668 p | ||
| 942 | |c BK | ||
| 945 | |d 20060331 00:00:00 |a cmena | ||
| 260 | |a Santiago |b Jurídica de Chile |c 2005 | ||
| 650 | 0 | |a Derecho constitucional |9 222588 | |
| 650 | 0 | |a Constitución política |9 336925 | |
| 650 | 0 | |a Jurisprudencia |9 255952 | |
| 650 | 0 | |a Derecho público |9 255910 | |
| 650 | 0 | |a Reformas constitucionales |9 255169 | |
| 650 | 0 | |a Ordenamiento jurídico |9 355371 | |
| 583 | |a last modification |c 20060331 00:00:00 |k Rodrigo Vera | ||
| 999 | |c 316200 |d 316198 | ||
| 952 | |0 0 |1 0 |4 0 |6 342_830000000000000_PFE_2005 |7 0 |8 A |9 390381 |a BIBDER |b BIBDER |d 2019-11-22 |i 4220110 |o 342.83 PFE 2005 |p 4220110 |r 2023-01-25 |w 2019-11-22 |y BK |k DER | ||
| 952 | |0 0 |1 0 |4 0 |6 342_830000000000000_PFE_2005 |7 0 |8 A |9 390382 |a BIBDER |b BIBDER |d 2019-11-22 |i 4215311 |o 342.83 PFE 2005 |p 4215311 |r 2023-01-25 |w 2019-11-22 |y BK |k DER | ||